10 najlepszych reprezentacji w rankingach różnych sportów - Statystyki

Ogólne statystyki
  • Ten quiz został rozwiązany 287 razy
  • Średni wynik to 49 z 60
Statystyki odpowiedzi
Miejsce Odpowiedź % Poprawnych
2 Argentyna
99%
8 Argentyna
99%
4 Argentyna
99%
3 Francja
99%
5 Francja
99%
3 Francja
99%
5 Francja
99%
1 Brazylia
98%
9 Brazylia
98%
4 Brazylia
98%
10 Hiszpania
97%
7 Hiszpania
97%
1 Hiszpania
97%
1 Polska
97%
2 Niemcy
96%
9 Niemcy
96%
1 Stany Zjednoczone
96%
6 Stany Zjednoczone
96%
2 Stany Zjednoczone
96%
4 Stany Zjednoczone
96%
4 Stany Zjednoczone
96%
8 Włochy
93%
2 Włochy
93%
10 Włochy
93%
6 Włochy
93%
4 Belgia
90%
9 Portugalia
88%
5 Rosja
88%
3 Rosja
88%
8 Rosja
88%
6 Kanada
87%
2 Kanada
87%
2 Kanada
87%
6 Holandia
86%
8 Holandia
86%
5 Anglia
85%
4 Anglia
85%
3 Szwecja
83%
5 Szwecja
83%
1 Szwecja
83%
7 Japonia
79%
10 Japonia
79%
7 Norwegia
76%
6 Czechy
73%
7 Chorwacja
71%
3 Australia
67%
7 Szwajcaria
67%
5 Szwajcaria
67%
1 Finlandia
64%
6 Serbia
64%
10 Dania
61%
9 Słowenia
58%
7 Słowenia
58%
8 Słowacja
57%
10 Iran
49%
9 Grecja
46%
8 Litwa
44%
9 Korea Południowa
43%
3 Szkocja/Wielka Brytania
43%
10 Korea Północna
13%
Nie znaleziono quizów pasujących do podanych kryteriów
Rozkład punktacji
Procent ludzi z każdym wynikiem
Percentyl według liczby udzielonych odpowiedzi
Twoja historia wyników
Nie rozwiązałeś tego quizu